000 00292nam a22001337a 4500
008 181023b xxu||||| |||| 00| 0 eng d
020 _a0814113400
041 _aeng
080 _a371
100 _a46
101 _aEDU
245 _aEncountering Student Texts
_cLawson,B
942 _2udc
_cBK
999 _c50716
_d50716